UM Logo

Policing the ratings agencies : (Record no. 6953)

MARC details
000 -LEADER
fixed length control field 00701nam a2200169 4500
005 - DATE AND TIME OF LATEST TRANSACTION
control field 20251216140925.0
008 - FIXED-LENGTH DATA ELEMENTS--GENERAL INFORMATION
fixed length control field 170705b xxu||||| |||| 00| 0 eng d
022 ## - INTERNATIONAL STANDARD SERIAL NUMBER
International Standard Serial Number 0091-4169
082 ## - DEWEY DECIMAL CLASSIFICATION NUMBER
Classification number DPer 364.05 J826 Summer 2011 v. 101 n. 3
100 ## - MAIN ENTRY--PERSONAL NAME
9 (RLIN) 21050
Personal name Maas, David A.
245 ## - TITLE STATEMENT
Title Policing the ratings agencies :
Remainder of title the case for stronger criminal disincentives in the credit rating market /
Statement of responsibility, etc. David A. Maas.
260 ## - PUBLICATION, DISTRIBUTION, ETC. (IMPRINT)
Place of publication, distribution, etc. Evanston :
Name of publisher, distributor, etc. Northwestern University Press ,
Date of publication, distribution, etc. Summer 2011.
300 ## - PHYSICAL DESCRIPTION
Extent Volume 101, pages 1005-1038 :
Dimensions 25 cm.
500 ## - GENERAL NOTE
General note The Journal of Criminal Law and Criminology, vol. 101, no. 3, pages 1005-1038, Summer 2011.
650 #0 - SUBJECT ADDED ENTRY--TOPICAL TERM
9 (RLIN) 21051
Topical term or geographic name as entry element Criminals
942 ## - ADDED ENTRY ELEMENTS (KOHA)
Source of classification or shelving scheme Dewey Decimal Classification
Koha item type Periodicals
Holdings
Withdrawn status Lost status Source of classification or shelving scheme Damaged status Not for loan Collection code Home library Current library Date acquired Total Checkouts Full call number Date last seen Price effective from Koha item type Public note
    Dewey Decimal Classification     Periodicals UM Digos College - LIC UM Digos College - LIC 07/05/2017   DPer 364.05 J826 Summer 2011 v. 101 n. 3 07/05/2017 07/05/2017 Periodicals Periodical article